Click the European Country on a Map - Statistics

General Stats
  • This quiz has been taken 1,869 times
  • The average score is 34 of 45
Answers on the Map
Answers color-coded by a green-red scale on the quiz's map according to % correct below.
 
Answer Stats
Answer % Correct
United Kingdom
85%
France
84%
Russia
84%
Germany
83%
Iceland
83%
Italy
83%
Sweden
83%
Ukraine
83%
Ireland
82%
Portugal
82%
Spain
82%
Greece
81%
Norway
81%
Poland
81%
Denmark
79%
Finland
79%
Netherlands
79%
Switzerland
77%
Austria
76%
Belarus
76%
Belgium
76%
Croatia
76%
Estonia
76%
Romania
76%
Czech Republic
73%
Vatican City
73%
Bosnia and Herzegovina
72%
Latvia
72%
Hungary
71%
Lithuania
71%
Monaco
71%
San Marino
71%
Bulgaria
70%
Albania
69%
Liechtenstein
69%
Malta
69%
North Macedonia
69%
Andorra
68%
Luxembourg
68%
Serbia
68%
Moldova
67%
Slovakia
66%
Kosovo
65%
Montenegro
62%
Slovenia
61%
No matching quizzes found
Score Distribution
Percent of People with Each Score
Percentile by Number Answered
Your Score History
You have not taken this quiz